| 000 -LEADER |
| fixed length control field |
00880nam a2200241Ia 4500 |
| 001 - CONTROL NUMBER |
| control field |
11068 |
| 003 - CONTROL NUMBER IDENTIFIER |
| control field |
GE_BSU |
| 005 - DATE AND TIME OF LATEST TRANSACTION |
| control field |
20221117111524.0 |
| 008 - FIXED-LENGTH DATA ELEMENTS--GENERAL INFORMATION |
| fixed length control field |
181216s2009en xx |||||||||||||| ||eng|| |
| 020 ## - INTERNATIONAL STANDARD BOOK NUMBER |
| International Standard Book Number |
9781844451906 x |
| 040 ## - CATALOGING SOURCE |
| Transcribing agency |
GE_BSU |
| 041 ## - LANGUAGE CODE |
| Language code of text/sound track or separate title |
eng |
| 080 ## - UNIVERSAL DECIMAL CLASSIFICATION NUMBER |
| Universal Decimal Classification number |
37 R-53 |
| 100 ## - MAIN ENTRY--PERSONAL NAME |
| Personal name |
Richardson, Lloyd . |
| 9 (RLIN) |
15877 |
| 245 ## - TITLE STATEMENT |
| Title |
Information SKILLS for Education Students / |
| Statement of responsibility, etc. |
Lloyd Richardson, McBryde-Wilding Heather |
| 264 ## - PRODUCTION, PUBLICATION, DISTRIBUTION, MANUFACTURE, AND COPYRIGHT NOTICE |
| Place of production, publication, distribution, manufacture |
England : |
| Name of producer, publisher, distributor, manufacturer |
Learning Matters, |
| Date of production, publication, distribution, manufacture, or copyright notice |
2009. |
| 300 ## - PHYSICAL DESCRIPTION |
| Extent |
94 p.: |
| Other physical details |
25cm. |
| 653 ## - INDEX TERM--UNCONTROLLED |
| keyword |
Information SKILLS for Education Students. |
| 653 ## - INDEX TERM--UNCONTROLLED |
| keyword |
საინფორმაციო უნარები განათლების სტუდენტებისთვის. |
| 653 ## - INDEX TERM--UNCONTROLLED |
| keyword |
შემოსულია ტემპუსის პროექტით |
| 700 ## - ADDED ENTRY--PERSONAL NAME |
| Personal name |
McBryde-Wilding. Heather |
| 9 (RLIN) |
15878 |
| 942 ## - ADDED ENTRY ELEMENTS (KOHA) |
| Koha item type |
წიგნი |
| Source of classification or shelving scheme |
|